000 01142nam a2200373 c 4500
999 _c50998
_d50998
001 50998
003 ES-MaCES
005 20190507110815.0
008 181026s2018 sp | l o000 ||spa d
017 _aM 16626-2018
_bDL
020 _a9788447609338
024 7 _a169-18-055-1
_2nipo
040 _aES-MaCES
_bspa
_cES-MaCES
110 1 _aEspaña
_tLeyes, etc., tributarias
_93146
245 1 0 _aLeyes tributarias
_b: recopilación normativa
250 _a29ª ed
260 _aMadrid
_bMinisterio de Hacienda
_c2018
300 _a2560 p.
_c25 cm
_e1 CD-ROM
500 _aAnteriormente, v.a.: Ministerio de Hacienda y Función Pública
500 _aPubl. simultáneamente en CD-ROM
500 _aIndices
541 _cGratuito
650 4 _asistema tributario
_928092
650 4 _aimpuesto
_928086
650 4 _aEspaña
_926964
650 4 _alegislación económica
_927161
650 4 _atexto
_929624
650 4 _aCD ROM
_930331
653 1 0 _aLegislación
710 1 _aEspaña
_bMinisterio de Hacienda
_eed.
_93245
775 0 _tLeyes tributarias
_w(ES-MaCES)49648
902 _aLIB Libro
942 _2CES
_cBK
_h6.1.